| 000 | 02362nam0a2200385 4500 | ||
|---|---|---|---|
| 001 | RU\NLR\bibl\1843015 | ||
| 005 | 20250616172843.0 | ||
| 010 |
_a978-5-8439-0251-3 _9100 |
||
| 021 |
_aRU _b2011-89584 _96408 |
||
| 035 | _a(nilc)LIBNET\0000115253 | ||
| 035 | _a(NLR Aleph) 001833463 | ||
| 090 |
_a2171618 _c2171618 |
||
| 100 | _a20110329d2010 |||y0rusy50 ca | ||
| 101 | 0 | _arus | |
| 102 | _aRU | ||
| 105 | _aa ||||||||| | ||
| 200 | 1 |
_aОсобенности процесса обоснования создания инновационной продукции _eучебное пособие по дисциплинам "Бизнес-план предприятия", "Основы бизнес-планирования" для студентов направлений подготовки 080000 "Экономика и управление", 230000 "Информатика и вычислительная техника" _fС.А. Шамшин, А.В. Свистунов _gМ-во образования и науки Рос. Федер., Муром. ин-т (фил.) Гос. образоват. учреждения высш. проф. образования "Владим. гос. ун-т" |
|
| 210 |
_aМуром _cМИ ВлГУ _d2010 |
||
| 215 |
_a94 с. _d24 |
||
| 320 | _aБиблиогр. в конце кн. (18 назв.) | ||
| 606 | 1 |
_aИнновационная деятельность _jУчебные издания для высших учебных заведений _xПланирование _yРоссийская Федерация _92324763 _3RU\NLR\auth\661390591 |
|
| 606 | 1 |
_aНаукоемкая продукция _jУчебные издания для высших учебных заведений _xЭкономический цикл жизни _92554401 _3RU\NLR\auth\661511359 |
|
| 686 |
_a65.291.551 _vLBC/M _2rubbk |
||
| 686 | _aУ9(2)-55-23(2Р)я73 | ||
| 686 | _aУ30(2)-823.2я73 | ||
| 700 | 1 |
_aШамшин _bС. А. _gСергей Алексеевич _4070 |
|
| 701 | 1 |
_aСвистунов _bА. В. _gАндрей Валерьевич _4070 |
|
| 801 | 0 |
_aRU _bВладимирская ОУНБ _c20110329 _grcr |
|
| 801 | 1 |
_aRU _bВладимирская ОУНБ _c20110329 _grcr _2rusmarc |
|
| 801 | 2 |
_aRU _bNLR _c20111205 _grcr |
|
| 830 | _aпо кн | ||
| 942 | _cBOOK | ||
| 980 | _aNB | ||
| 980 | _aNBR | ||